ბათუმის შოთა რუსთაველის სახელმწიფო უნივერსიტეტის ბიბლიოთეკა

დმანისის ექსპერიმენტი-მართვის სრულყოფის შედეგები და პერსპექტივები : (ბიბ.ჩანაწერი № 38296)

000 -ლიდერი
ფიქსირებული სიგრძის საკონტროლო ველი 01203nam a2200229Ia 4500
001 - საკონტროლო ნომერი
საკონტროლო ველი 4306
003 - საკონტროლო ნომრის იდენტიფიკატორი
საკონტროლო ველი GE_BSU
005 - ბოლო ოპერაციის თარიღი და დრო
საკონტროლო ველი 20191011170559.0
008 - ფიქსირებული სიგრძის მონაცემთა ელემენტები - ზოგადი ინფორმაცია
ფიქსირებული სიგრძის საკონტროლო ველი 181216s1987||||ge |||||||||||||| ||geo||
040 ## - კატალოგიზაციის წყარო
Transcribing agency GE_BSU
041 ## - ენის კოდი
Language code of text/sound track or separate title geo
080 ## - უნივერსალური ათობითი კლასიფიკაციის ინდექსი
Universal Decimal Classification number 338.001.4(479.22)+338.24(479.22) ქ–15
100 ## - მთავარი ჩანაწერი - პიროვნების სახელი
Personal name ქავთარაძე, თენგიზ
9 (RLIN) 4701
245 ## - ცნობა სათაურის შესახებ
Title დმანისის ექსპერიმენტი-მართვის სრულყოფის შედეგები და პერსპექტივები :
Statement of responsibility, etc თენგიზ ქავთარაძე; რედ. ა. თეთრაული.
264 ## - წარმოების, გამოცემის, დისტრიბუციის და სხვა ცნობები
გამოცემის, წარმოების, დისტრიბუციის... ადგილი თბილისი :
გამოცემის, წარმოების, დისტრიბუციის... სახელწოდება მეცნიერება,
გამოცემის, წარმოების, დისტრიბუციის... თარიღი 1987.
300 ## - ფიზიკური აღწერა
Extent 80 გვ. ;
Other physical details 21 სმ.
653 ## - INDEX TERM--UNCONTROLLED
Uncontrolled term ეკონომიკური ექსპერიმენტები საქართველოში;
653 ## - INDEX TERM--UNCONTROLLED
Uncontrolled term ეკონომიკური მართვა;
700 ## - ADDED ENTRY--PERSONAL NAME
Personal name თეთრაული, ა.
Relator term რედაქტორი
9 (RLIN) 4702
710 ## - ADDED ENTRY--CORPORATE NAME
Corporate name or jurisdiction name as entry element საქ. სსრ მეცნ. აკად., ეკონ. და სამართლის ინ-ტი.
9 (RLIN) 4703
942 ## - ADDED ENTRY ELEMENTS (KOHA)
Koha item type წიგნი
Source of classification or shelving scheme
ეგზემპლარები
ჩამოწერის სტატუსი დაკარგული ეგზემპლარის სტატუსი კლასიფიკაციის წყარო ან თაროზე გაწყობის სქემა დაზიანების სტატუსი არ გაიცემა მუდმივი მდებარეობა (დაცვის ადგილი) ამჟამინდელი ადგილსამყოფელი თაროზე განთავსების ადგილი შეძენის თარიღი ღირებულება, შესყიდვის ნორმალური ფასი სრული შენახვის შიფრი შტრიხკოდი ბოლო ოპერაციის თარიღი ეგზემპლარის მიმდევრობითი ნომერი (კეტერი?) ფასის ძალაში შესვლის თარიღი ეგზემპლარის სახეობა საჯარო შენიშვნა
          ბათუმის შოთა რუსთაველის სახელმწიფო უნივერსიტეტის მთავარი ბიბლიოთეკა ბათუმის შოთა რუსთაველის სახელმწიფო უნივერსიტეტის მთავარი ბიბლიოთეკა წიგნსაცავი 2018-12-17 2.00 338.001.4(479.22)+338.24(479.22) ქ–15 6006 2018-12-17 6006 2018-12-17 წიგნი 2 ლ.